000 01095nam a2200313 i 4500
003 DO-SdBNP
005 20241011101259.0
007 ta
008 241011s1983 dr a 000 0 spa d
040 _aDO-SdBNP
_bspa
_cBNPHU
_erda
082 _a302.2242
_bJ61u
_222
100 1 _4aut.
_aJiménez S., M Arturo
_950041
_eautor
245 1 0 _aUna guía de redacción para la comunicación popular /
_cM. Arturo Jiménez S. , Agustín Navarro P.
250 _a1ª edición
264 _aSanto Domingo :
_bCEDEE,
_c1983.
300 _a92 páginas
_bilustraciones
_c21 cm.
336 _atexto
_btxt
_2rdacontent
337 _asin mediación
_bn
_2rdamedia
338 _avolumen
_bnc
_2rdacarrier
504 _aBibliografía p : 91-93.
590 _aInventariado, 2024/ YL
650 4 _aComunicación
_xAspectos sociales
_xGuías
_954419
650 0 _aCultura popular
_912597
650 4 _aArte de escribir
_xManuales
_919637
700 1 _4aut.
_aNavarro P. Agustín
_950042
_eautor
710 _aCentro Dominicano de Estudios de la Educación (CEDEE)
_950043
910 _aYLockward
942 _2ddc
_cLBS1
999 _c57824
_d57824